[Event "Lozovatsky Memorial-B 2019"]
[Site "Chelyabinsk"]
[Date "2019.01.20"]
[Round "9"]
[White "Sitnikov, Anton"]
[Black "Radzhabov, Rodion"]
[Result "0-1"]
[WhiteElo "2410"]
[BlackElo "2329"]
[Annotator "TA"]
[PlyCount "140"]
[EventDate "2019.01.12"]
[EventType "tourn"]
[EventCountry "RUS"]
[SourceTitle "playchess.com"]
[Source "ChessBase"]
[SourceQuality "1"]

{[%evp 22,140,32,21,16,27,22,17,21,18,110,1,108,121,134,31,52,0,37,37,27,31,134,142,191,195,200,220,210,248,229,144,121,63,83,77,152,139,154,155,138,140,201,111,93,82,152,110,99,111,100,105,327,313,285,83,100,89,274,282,1308,1306,1286,1222,1416,0,115,76,77,70,146,143,202,72,84,0,0,0,0,6,120,120,127,128,128,125,102,124,103,96,115,87,87,50,53,0,0,0,0,-262,0,0,0,0,0,0,0,0,0,0,0,0,0,0,0,0,0,0,0,0,0]} 1. e4 c5 2. Nc3 e6 3. Nf3 a6 4. d4 cxd4 5. Nxd4 Qc7 6. g3 Bb4 7. Bd2 Nf6 8. Bg2 Nc6 9. Nb3 {B43: Sicilian: Kan Variation: 5 Nc3} Be7 10. O-O O-O 11. f4 d6 12. g4 {[%cal Bg3g4,Bg4g5][%mdl 32] LiveBook: 13 Games} (12. Be3 b5 13. a3 Bb7 14. g4 Rfe8 15. g5 Nd7 16. Qh5 g6 17. Qh4 b4 18. Ne2 bxa3 19. bxa3 Na5 20. Nxa5 Qxa5 21. Rf3 Rac8 {0-1 (55) Guseinov,G (2634)-Gajewski,G (2654) Berlin 2015}) 12... b5 13. g5 Nd7 14. Qh5 Re8 15. Rf3 Bb7 $146 (15... g6 $11 16. Qh6 Bf8) ({Predecessor:} 15... g6 16. Qh6 Bf8 {1-0 (35) Kruglyakov,P (2252)-Grinev,V (2347) Kiev 2009}) 16. Raf1 ({White should try} 16. Rh3 $16 Nf8 17. Rf1) 16... b4 (16... g6 $1 $11 17. Qh3 b4) 17. Rh3 $1 $16 Nf8 18. Ne2 $40 {[%mdl 128] White has some attack.} ({White has to play} 18. Nd1 $1 $16) 18... Bd8 $1 $14 19. Kh1 (19. c4 $14) 19... Qd7 20. Be3 a5 21. Rd1 Qe7 (21... Qc7 $14) 22. e5 $1 $16 {[%cal Re5d6]} Bc7 23. Ng3 $1 {[%cal Rg3e4] Ne4 is the strong threat.} Nd8 24. Ne4 Bxe4 25. Bxe4 g6 26. Qg4 Rb8 27. exd6 ({Better is} 27. Ba7 $16) 27... Bxd6 $14 28. Nxa5 Bc5 (28... Qc7 $142 29. b3 Qxa5) 29. Nc4 $16 Nb7 30. Ne5 Bxe3 31. Rxe3 Qc5 (31... Qc7 $16 32. Qf3 Nd6) 32. Qf3 (32. Red3 $18) 32... Nd6 33. Ng4 Red8 ({Black should play} 33... Nc4) 34. Nf6+ Kg7 35. Red3 $1 {Strongly threatening Qh3.} h6 36. h4 {[%cal Bh2h4,Bh4g5][%mdl 32]} hxg5 $2 (36... Qc7 $16 {was worth a try.}) 37. hxg5 {Qh3 would kill now.} Nh7 38. Ng4 $2 (38. Nxh7 $18 {and the rest is easy.} Rh8 39. Rxd6) 38... Rh8 39. Kg2 Nxe4 $2 (39... Nf5 $16 {was called for.} 40. Qe2 Nf8) 40. Qxe4 $18 Qxc2+ $2 (40... Rbc8 41. c3 bxc3) 41. R1d2 {White threatens Qe5+ and mate.} Qc5 42. Rd7 Nf8 {[#]} 43. R7d3 $2 (43. R2d5 $3 $18 {[%mdl 512] Intending Qe5+ and mate.} Nxd7 (43... exd5 44. Qe5+) 44. Rxc5) 43... Rb6 (43... Nh7 $1 $11 {keeps the balance.}) 44. Rh3 Rxh3 45. Kxh3 b3 (45... Rb5 $14) 46. a3 $1 $16 Rc6 (46... Rb5 $16 47. Qe5+ Qxe5 48. Nxe5 Rc5) 47. Ne5 (47. Qh1 $18 {is more deadly.} Nh7 48. Qe4) 47... Rc7 48. Nf3 (48. Qd4 $16) 48... Qf5+ $11 49. Qxf5 exf5 {[%mdl 4096] Endgame KRN-KRN} 50. Nd4 Ne6 (50... f6 $11) 51. Nxe6+ $16 fxe6 {[#] KR-KR} 52. Rd3 $1 Rb7 53. Kg3 Kf7 54. Kf3 Ke7 55. Ke3 Rb5 {[#]} 56. Kd4 $1 e5+ 57. fxe5 {Threatens to win with Rc3.} Ke6 58. Kc4 (58. Rc3 $14 Rd5+ 59. Ke3) 58... Rxe5 $11 59. Rxb3 {Hoping for Rb6+.} f4 60. a4 $2 {[%mdl 8192]} (60. Rc3 $11 {and White has nothing to worry.}) 60... Rxg5 $2 (60... Re4+ $19 61. Kb5 Re3) 61. Rb6+ {The position is equal.} Ke7 62. Kd4 f3 63. Ke3 Rf5 {And now ...f2 would win.} 64. Kf2 g5 65. Rb4 Kd6 66. Rg4 Kc5 67. b3 Kd5 68. Rb4 Kc6 69. Rc4+ Kd6 70. Re4 Kc5 {[%mdl 32768] Accuracy: White = 51%, Black = 45%. . Sensor Board Error (Ke4/e5)?} 0-1

[Event "Lozovatsky Memorial-B 2019"]
[Site "Chelyabinsk"]
[Date "2019.01.20"]
[Round "9"]
[White "Nugumanov, Bakhtiyar"]
[Black "Tologontegin, Semetey"]
[Result "1-0"]
[WhiteElo "2391"]
[BlackElo "2385"]
[Annotator "TA"]
[PlyCount "81"]
[EventDate "2019.01.12"]
[EventType "tourn"]
[EventCountry "RUS"]
[SourceTitle "playchess.com"]
[Source "ChessBase"]
[SourceQuality "1"]

{[%evp 13,81,86,84,46,51,57,46,44,37,36,66,69,86,55,81,64,115,126,135,124,119,79,102,70,103,87,102,45,45,51,56,41,60,52,48,8,12,-34,-22,-72,75,15,85,30,28,0,0,-12,310,282,272,121,339,300,297,301,852,505,1112,1157,29993,29994,29994,29995,29995,29994,29994,29994,29994,29995]} 1. e4 e6 2. d4 b6 3. Nf3 Bb7 4. Bd3 d6 5. c4 (5. O-O Nd7 6. Re1 g6 7. Nbd2 Bg7 8. c3 a6 9. Nf1 e5 10. h3 Ngf6 11. Ng3 O-O 12. Bg5 h6 13. Be3 Re8 14. Qc2 Qe7 {½-½ (14) Alekseev,E (2620)-Kamsky,G (2675) St Petersburg 2018}) 5... Nd7 6. Nc3 {B00: Queen's Fianchetto Defence, Nimzowitsch Defence} g6 7. Bg5 Ne7 {LiveBook: 5 Games} 8. h4 {White is better.} h6 9. Be3 Bg7 10. Qd2 Nf6 11. Nh2 {[%cal Bf3h2,Bh2f1,Bf1e3][%mdl 32]} e5 12. d5 $1 Qd7 $146 ({Predecessor:} 12... Bc8) 13. O-O-O h5 14. f3 a6 (14... c6 $14) 15. Kb1 $16 Rb8 16. Nf1 Bc8 17. Qe2 Qd8 18. Bf2 Bd7 19. Ne3 Qc8 20. c5 ({White should play} 20. Rdg1 $16) 20... bxc5 $14 21. Bxa6 Qd8 22. g4 Rb6 23. Bd3 Qa8 24. Rdg1 O-O $1 25. Nc4 Rb4 26. Be3 Kh7 (26... Rfb8 $17 {keeps the pressure on.}) 27. Bc1 (27. Bg5 $16) 27... Neg8 (27... c6 $1 $11 {remains equal.}) 28. g5 (28. Rh2 $16) 28... Ne8 $11 29. a3 Rb8 30. f4 $1 {[%cal Rf4f5]} f5 $2 {[%mdl 8192] [#]} (30... exf4 $11 31. Ka1 Bd4) 31. gxf6 $1 $18 Nexf6 32. f5 (32. fxe5 $18 {and the rest is easy.} Ng4 33. e6 (33. exd6 cxd6 34. e5 Ne7 $16)) 32... Ng4 $2 {[#]} (32... Be8 $16 {was called for.} 33. Bd2 (33. fxg6+ Bxg6 34. Rg2 Nh6 $16) 33... gxf5) 33. Rxg4 $1 ({Less strong is} 33. fxg6+ Kxg6 34. Qc2 Kh7 $14) 33... hxg4 34. Qxg4 gxf5 $2 (34... Kh8 35. Rg1 Rf6) 35. exf5 {Intending f6+ and mate.} Rf6 (35... Nf6 $142 36. Qg6+ Kh8) 36. Rg1 {[%csl Gg1][%cal Rg4g7]} Bh8 37. Ne4 {White mates.} Rbf8 38. Qh5+ Nh6 39. Rg6 {[%csl Gc1,Gg6][%cal Rh5h6]} Bg7 40. Nxf6+ Rxf6 41. Bxh6 {Precision: White = 41%, Black = 25%.} 1-0

[Event "Lozovatsky Memorial-B 2019"]
[Site "Chelyabinsk"]
[Date "2019.01.20"]
[Round "9"]
[White "Ponomariov, Valeriy"]
[Black "Frolov, Ivan"]
[Result "1-0"]
[WhiteElo "2378"]
[BlackElo "2210"]
[Annotator "NA RC"]
[PlyCount "35"]
[EventDate "2019.01.12"]
[EventType "tourn"]
[EventCountry "RUS"]
[SourceTitle "playchess.com"]
[Source "ChessBase"]
[SourceQuality "1"]
[TimeControl "5400+30"]

1. d4 {[%emt 0:00:00]} {Predecessor:} Nf6 $146 2. Nf3 d5 3. c4 e6 4. Nc3 Be7 5. Bf4 O-O 6. e3 c5 7. dxc5 Bxc5 8. Qc2 Nc6 9. a3 Qa5 10. Nd2 Qd8 11. Nb3 Bb6 12. Be2 Qe7 13. Bg5 dxc4 14. Nd2 Ne5 15. O-O Bd7 16. Bf4 Ng6 17. Bg3 Bc6 18. Nxc4 {½-½ (40) Carlsen,M (2835)-Caruana,F (2832) London 2018} 1-0

[Event "Lozovatsky Memorial-B 2019"]
[Site "Chelyabinsk"]
[Date "2019.01.20"]
[Round "9"]
[White "Mischuk, Dmitry"]
[Black "Remizov, Yaroslav"]
[Result "1/2-1/2"]
[WhiteElo "2357"]
[BlackElo "2357"]
[Annotator "TA"]
[PlyCount "30"]
[EventDate "2019.01.12"]
[EventType "tourn"]
[EventCountry "RUS"]
[SourceTitle "playchess.com"]
[Source "ChessBase"]
[SourceQuality "1"]

{[%evp 18,30,14,-5,18,18,21,6,7,5,9,7,5,-48,-50]} 1. d4 d5 2. Nf3 Nf6 3. c4 e6 4. g3 dxc4 5. Bg2 Bb4+ 6. Bd2 c5 {E04: Open Catalan: 5 Nf3} (6... a5 7. Qc2 c5 8. a3 Bxd2+ 9. Nbxd2 cxd4 10. Nxc4 O-O 11. Rd1 Nc6 12. O-O Rb8 13. Rd2 Re8 14. Nfe5 Bd7 {½-½ (30) Vidit,S (2711)-Melkumyan,H (2660) Douglas 2018}) 7. dxc5 Bxc5 8. Qa4+ Nc6 9. O-O O-O 10. Qxc4 {LiveBook: 10 Games} Qd5 11. Qxd5 Nxd5 12. Rc1 b6 $146 ({Predecessor:} 12... Be7 13. Nc3 Bf6 14. Bg5 Nxc3 15. bxc3 {½-½ (24) Borik,O (2371)-Meessen,M (2231) Germany 2017}) 13. Nc3 Nxc3 14. Bxc3 {Ne5 is the strong threat.} Ba6 15. Ne5 (15. Rcb1 $11 Ne7 16. e3) 15... Nd4 $1 1/2-1/2

[Event "Lozovatsky Memorial-B 2019"]
[Site "Chelyabinsk"]
[Date "2019.01.20"]
[Round "9"]
[White "Kholopov, Alexander A."]
[Black "Dauletova, Gulmira"]
[Result "1/2-1/2"]
[WhiteElo "2211"]
[BlackElo "2240"]
[Annotator "TA"]
[PlyCount "190"]
[EventDate "2019.01.12"]
[EventType "tourn"]
[EventCountry "RUS"]
[SourceTitle "playchess.com"]
[Source "ChessBase"]
[SourceQuality "1"]

{[%evp 12,189,0,-4,33,0,0,0,0,0,0,8,0,-27,0,0,18,18,9,6,7,0,0,-4,17,6,11,0,0,0,0,0,0,0,0,0,0,0,0,-19,-10,-19,0,0,0,0,0,0,0,-9,-2,-2,-2,-9,-9,-9,-9,-9,-9,-9,-9,-9,-9,-9,-9,-9,0,-9,-9,-9,-9,-9,-9,-9,-9,-9,-9,-9,-9,-9,-9,-9,-7,-8,-7,-7,-7,-7,-7,-8,-8,-8,-8,-8,-8,-8,-8,-8,-8,-8,-8,-8,-8,-8,0,-8,0,-8,0,-8,-8,-8,0,0,0,0,0,0,0,0,0,0,0,0,0,0,0,0,0,0,0,0,0,0,0,0,0,0,0,0,0,0,0,0,0,0,0,0,0,0,0,0,0,0,0,0,0,0,0,0,0,0,0,0,0,0,0,0,0,0,0,0,0,0,0,0,0,0,0,0]} 1. d4 Nf6 2. c4 e6 3. Nc3 Bb4 4. Qc2 O-O 5. a3 Bxc3+ 6. Qxc3 d5 7. Bg5 c5 {E36: Nimzo-Indian: Classical: 4...d5 5 a3} (7... dxc4 8. Qxc4 b6 9. Rd1 Ba6 10. Qa4 h6 11. Bh4 Qe7 12. Nf3 Rd8 13. e3 Bxf1 14. Rxf1 c5 15. dxc5 Rxd1+ 16. Qxd1 {½-½ (23) Vitiugov,N (2709)-Giri,A (2780) Shenzhen 2018}) 8. cxd5 (8. dxc5 {NOTEXT-190} d4 9. Qg3 Nbd7 10. Nf3 e5 11. b4) 8... cxd4 9. Qxd4 Nc6 {[%mdl 64] [#] NOTEXT-4833} 10. Qh4 exd5 {[%cal Be6d5,Bd5d4][%mdl 32]} 11. Bxf6 gxf6 12. e3 d4 {White must now prevent ...&Ba5.} 13. Bd3 {[%csl Gd3][%cal Rh4h7] [#] The position is equal.} Bf5 $146 {[%mdl 64] [#] NOTEXT-4840} ({You set blue moves yourself with the critical opening position annotation.:} 13... f5 14. Nf3 Qxh4 15. Nxh4 {½-½ (35) Alvarez Marquez,J (2398)-Muzychuk,A (2580) Caleta 2012}) 14. Bxf5 {[%csl Gf5][%cal Rh4h7]} Qa5+ {[%mdl 64] NOTEXT-4834} 15. b4 {[%csl Gf5][%cal Rh4h7]} Qxf5 16. Nf3 dxe3 17. fxe3 Rfe8 18. O-O Rxe3 19. Nd4 Qg5 20. Nf5 Qxh4 21. Nxh4 Re6 22. Rad1 Rd8 23. b5 Nd4 24. Nf5 Re4 25. h3 Rd5 26. g4 h5 27. Ng3 Ne2+ 28. Nxe2 Rxd1 29. Rxd1 Rxe2 $11 {[%mdl 4096] General book An&V-An&V} 30. Rd7 Ra2 31. Rxb7 Rxa3 32. Kg2 hxg4 33. hxg4 Kg7 34. Rc7 Ra5 35. Rb7 Kg6 36. Kf3 Ra4 37. b6 Ra3+ 38. Kf4 Ra4+ 39. Kf3 axb6 40. Rxb6 Ra5 41. Kf4 Rd5 42. Ra6 Rd4+ 43. Kf3 Rd1 44. Ra5 Re1 45. Kf4 Rf1+ 46. Kg3 f5 47. gxf5+ Rxf5 48. Ra6+ f6 49. Rb6 Ra5 50. Rc6 Kg5 51. Kf3 Ra3+ 52. Kf2 f5 53. Rc4 Rd3 54. Ra4 Rb3 55. Rc4 Kf6 56. Ra4 Rh3 57. Kg2 Rh8 58. Ra6+ Ke5 59. Ra5+ Kf6 60. Ra6+ Kg5 61. Ra4 f4 62. Ra7 Rb8 63. Rg7+ Kf6 64. Ra7 Ke5 65. Re7+ Kf5 66. Rf7+ Kg5 67. Rg7+ Kf6 68. Ra7 Rb3 69. Ra5 Re3 70. Kf2 Rh3 71. Rb5 Ke6 72. Ra5 Rd3 73. Rb5 Re3 74. Ra5 Re5 75. Rxe5+ Kxe5 {An&P-An} 76. Kf3 Kf5 77. Kf2 Ke4 78. Ke2 Kd4 {[%cal Be4d4,Bd4e5,Be5f6,Bf6f5,Bf5g4,Bg4f4,Bf4e3,Be3d3][%mdl 32]} 79. Kf3 Ke5 80. Kf2 Kf6 81. Kf3 Kf5 82. Kf2 Kg4 83. Kg2 f3+ 84. Kf2 Kf4 85. Kf1 Ke3 (85... Ke4 $5) 86. Ke1 Kd3 87. Kf2 Ke4 88. Kf1 Kf5 (88... Kd3 $5) 89. Kf2 Kg4 (89... Ke4 $5) 90. Kf1 Kg3 (90... Kh4 $5) 91. Kg1 Kg4 92. Kf2 $2 {[%mdl 8192]} (92. Kf1) 92... Kf4 93. Kf1 Ke3 {( -> ...f2)} 94. Ke1 f2+ 95. Kf1 Kf3 {NOTEXT-4805: Tournament = 77%, Annotator = 75%.} 1/2-1/2